[Event "Kiel op 21th"]
[Site "Kiel"]
[Date "2008.08.09"]
[Round "1"]
[White "Muehlbacher, Wolfgang"]
[Black "Graf, Tobias"]
[Result "1/2-1/2"]
[WhiteElo "2049"]
[BlackElo "1753"]
[PlyCount "107"]
[EventDate "2008.08.09"]
[EventType "swiss"]
[EventRounds "9"]
[EventCountry "GER"]
[SourceTitle "EXT 2009"]
[Source "ChessBase"]
[SourceDate "2008.11.26"]
[SourceVersion "1"]
[SourceVersionDate "2008.11.26"]
[SourceQuality "1"]

1. Nf3 Nf6 2. g3 d5 3. Bg2 Bf5 4. 0-0 e6 5. d4 Be7 6. Nbd2 0-0 7. Nh4 Bg6 8. Nxg6 hxg6 9. e4 dxe4 10. Nxe4 Nxe4 11. Bxe4 c6 12. Be3 Nd7 13. Bg2 Qc7 14. c3 Rfd8 15. Qe2 Nf6 16. Rad1 Rd7 17. Bf4 Qb6 18. Bc1 Rad8 19. Bf3 c5 20. dxc5 Bxc5 21. Rxd7 Rxd7 22. b4 Be7 23. a3 a5 24. Rd1 Rxd1+ 25. Qxd1 Qc7 26. Bb2 b6 27. Qd3 Nd7 28. Be2 Bf6 29. bxa5 bxa5 30. Qb5 Qb6 31. Kf1 Qxb5 32. Bxb5 Nb6 33. Ke2 Kf8 34. Kd3 Ke7 35. Bc1 Be5 36. c4 Bd6 37. a4 Bc5 38. Bd2 Bxf2 39. Bxa5 Bc5 40. Bc3 f6 41. a5 Nc8 42. a6 Kd6 43. Be8 g5 44. Bg6 Kc7 45. h4 gxh4 46. gxh4 Kb6 47. h5 e5 48. Bd2 Kxa6 49. h6 gxh6 50. Bxh6 Be7 51. Ke4 Nb6 52. Bf7 Ka5 53. Bd2+ Bb4 54. Be3 1/2-1/2